| 000 | 00885nam a22002297a 4500 | ||
|---|---|---|---|
| 999 |
_c18669 _d18669 |
||
| 003 | AR-CdUCM | ||
| 008 | 190514b ||||| |||| 00| 0 spa d | ||
| 040 |
_aMUNICIPALIDAD PROVINCIAL DEL CUSCO _cBIBLIOTECA MUNICIPAL DEL CUSCO |
||
| 082 |
_22ed. _a372.1 / _bR68 |
||
| 100 |
_aRivera Cáceres, Nicanor _917847 |
||
| 245 | _aEl amigo espejo / | ||
| 260 |
_aLima : _bStylo, _c1945. |
||
| 300 |
_a89 páginas ; _bilustraciones, _c20 cm. |
||
| 505 | _aContenido: En el cementerio de Sachaca -- Campesino de Arequipa -- Sachaca la aldea Arequipeña -- Escolar campesino -- El espantapájaros. | ||
| 650 |
_aEducacion _9460 |
||
| 650 |
_aRelatos personales _93361 |
||
| 650 |
_aPsicología de la educación _97331 |
||
| 700 |
_aBustamante y Rivero, José (prólogo) _939400 |
||
| 700 |
_aRodríguez Escobedo, E. (ilustraciones) _939401 |
||
| 942 |
_2ddc _cLIBROS |
||
| 945 |
_aachl _d2019-05-14 |
||